Gaming Quiz

Random Gaming or Video Games Quiz

Click the Game Characters: D Quiz Stats

 Plays Quiz not verified by Sporcle

Score 0/25 Timer 04:00
0 Plays Today
% Correct
Diddy
91.4%
Dust Man
85.7%
Duke
78.1%
Dante
76.2%
Dimitri
74.3%
Diablo
72.4%
de Blob
71.4%
Dog
61.9%
Dillon
57.1%
Dunban
54.3%
Dobkeratops
49.5%
Dogen
48.6%
Dive
44.8%
% Correct
Draq
43.8%
Dosey
41.9%
Dingo
41.9%
Decker
41.9%
Deus
39%
Damien
39%
Dorothy
38.1%
Devola
37.1%
Dogi
34.3%
Draco
34.3%
Delita
34.3%
Dario
25.7%

You're not logged in!

Compare scores with friends on all Sporcle quizzes.
OR
Log In

Sporcle TV

Today on Sporcle TV


Watch our educational content, quiz creation guides, and fun videos on Sporcle TV.

Show Comments

Extras

Top Quizzes Today


Score Distribution

Your Account Isn't Verified!

In order to create a playlist on Sporcle, you need to verify the email address you used during registration. Go to your Sporcle Settings to finish the process.

Report this User

Report this user for behavior that violates our Community Guidelines.

Details: